| 000 | 00678nam a22001937a 4500 | ||
|---|---|---|---|
| 003 | OSt | ||
| 005 | 20251129105254.0 | ||
| 008 | 251129b |||||||| |||| 00| 0 eng d | ||
| 020 | _a1-84140-409-8. | ||
| 040 |
_aDWCL-Main lib. _cOC |
||
| 082 | _aCirc. 657.3 P946u 2003 | ||
| 100 | _aPricewater House Coopers LLP'S UK Accounting Technical Department | ||
| 245 |
_aUnderstanding IAS 14 : _bSegment reporting/ _cPricewater House Coopers LLP'S UK Accounting Technical Department |
||
| 260 |
_aLondon : _bCCH, _cc2003. |
||
| 300 |
_aii, 130 pages. ; _c21 centimeters. |
||
| 504 | _aIncludes appendix and index. | ||
| 650 | _aAccounting. | ||
| 942 |
_2ddc _cBK-CIRC _hCirc. _n0 |
||
| 999 |
_c6612 _d6612 |
||